00840cam a22002294a 45000010009000000050017000090080041000260100017000670200026000840400018001100420008001280500025001360820017001611000015001782450190001932600069003833000034004525040051004866500030005377000018005677000025005851666043620170105102346.0110219s2011 enka b 001 0 eng  a 2011002521 a9780470747735 (cloth) aDLCcDLCdDLC apcc00aTL221.15b.M545 201100a629.22932221 aMi, Chris.10aHybrid electric vehicles : principles and applications with practical perspectives bprinciples and applications with practical perspectives cChris Mi, Abul Masrur, David Wenzhong Gao. aChichester, West Sussex, U.K. ;aHoboken, N.J. :bWiley,cc2011. axix, 448 p. :bill. ;c25 cm. aIncludes bibliographical references and index. 0aHybrid electric vehicles.1 aMasrur, Abul.1 aGao, David Wenzhong.